00548nam a2200169Ia 450000500170000000800410001708200140005810000180007224500790009026000570016930000110022665000140023765000210025194200060027295200850027899900150036320240607053531.0240331s9999 xx 000 0 und d a6420bWEE aWeermunda,A.J 2aA study of child labour in selectedSAARC countries :bissues and challenge aDehiwala bBATU SAARC Sub Regional Secretariatc1999 a52 p., aChildren  aChildren Labour  cL 001040708LaWERCLbWERCLcSSCd2024-03-31l0p6420r2024-03-31w2024-03-31yL c4759d4759